Normal view MARC view
  • Webre, Neil W.,

Entry Personal Name

Number of records used in: 1

001 - CONTROL NUMBER

  • control field: 113034

003 - CONTROL NUMBER IDENTIFIER

  • control field: NUST

005 - DATE AND TIME OF LATEST TRANSACTION

  • control field: 20230606171856.0

008 - FIXED-LENGTH DATA ELEMENTS

  • fixed length control field: 230606|| aca||aabn | a|a d

040 ## - CATALOGING SOURCE

  • Original cataloging agency: NUST
  • Transcribing agency: NUST

100 ## - HEADING--PERSONAL NAME

  • Personal name: Webre, Neil W.,
  • Dates associated with a name: 1938-

670 ## - SOURCE DATA FOUND

  • Source citation: Work cat.: (NUST)179893: Stubbs, Daniel F., 113033, Data structures with abstract data types and Pascal /, c1985.
© 2023 Central Library, National University of Sciences and Technology. All Rights Reserved.